000 00710nam a2200289Ia 4500
005 20260324120519.0
008 008 260324s9999 xx 000 0 eng d
020 _a9781003239215
037 _aEBOOK
040 _aCRL
040 _beng
040 _cCRL
041 _2eng
041 _aeng
084 _qCRL
100 _aStephanie Bearce
_91158854
245 0 _aTop Secret Files
245 0 _bWorld War I, Spies, Secret Missions, and Hidden Facts from World War I
260 _bTaylor and Francis
260 _c2015
365 _a
365 _b32.99
856 _uhttp://www.taylorfrancis.com/books/9781003239215
942 _cEBOOK
999 _c1750447
_d1750447